| 000 | 01274nam a2200325 a 4500 | ||
|---|---|---|---|
| 001 | ebr10728364 | ||
| 003 | CaPaEBR | ||
| 006 | m o u | ||
| 007 | cr cn||||||||| | ||
| 008 | 130402s2013 inua s 001 0 eng d | ||
| 010 | _z 2013936845 | ||
| 020 | _z9781118575208 (pbk. : alk. paper) | ||
| 020 | _z1118575202 (pbk. : alk. paper) | ||
| 020 | _z9781118757598 (e-book) | ||
| 040 |
_aCaPaEBR _cCaPaEBR |
||
| 035 | _a(OCoLC)854569078 | ||
| 050 | 1 | 4 |
_aT385 _b.T74 2013eb |
| 082 | 0 | 4 |
_a620.00420285 _223 |
| 100 | 1 |
_aTremblay, Thom, _d1967- |
|
| 245 | 1 | 0 |
_aAutodesk Inventor 2014 and Inventor LT 2014 essentials _h[electronic resource] / _cThom Tremblay. |
| 260 |
_aIndianapolis : _bSybex : _bAutodesk Official Press, _cc2013. |
||
| 300 |
_axxvi, 386 p. : _bcol. ill. |
||
| 500 | _aIncludes index. | ||
| 533 |
_aElectronic reproduction. _bPalo Alto, Calif. : _cebrary, _d2013. _nAvailable via World Wide Web. _nAccess may be limited to ebrary affiliated libraries. |
||
| 630 | 0 | 0 | _aAutodesk Inventor (Electronic resource) |
| 650 | 0 | _aComputer-aided design. | |
| 655 | 7 |
_aElectronic books. _2local |
|
| 710 | 2 | _aebrary, Inc. | |
| 856 | 4 | 0 |
_uhttp://site.ebrary.com/lib/rucke/Doc?id=10728364 _zAn electronic book accessible through the World Wide Web; click to view |
| 999 |
_c37876 _d37876 |
||